000 00640nam a2200229Ia 4500
005 20260320201833.0
008 008 262003s9999 xx 000 0 eng d
037 _aEBOOK
040 _aCRL
040 _beng
040 _cCRL
041 _2eng
041 _aeng
084 _qCRL
100 _aCoupland
_91125127
245 0 _aDevOps Adoption Strategies: Principles, Processes, Tools, and Trends: Embracing DevOps through effective culture, people, and processes
260 _bIEEE
856 _uhttps://ieeexplore.ieee.org/servlet/opac?bknumber=10162778
942 _cEBOOK
999 _c1723816
_d1723816